[Event "Blackpool op 39th"]
[Site "Blackpool"]
[Date "2015.03.08"]
[Round "4"]
[White "Hebden, Mark"]
[Black "Webb, Matthew"]
[Result "0-1"]
[WhiteElo "2491"]
[BlackElo "2208"]
[PlyCount "102"]
[EventDate "2015.03.06"]
[EventType "swiss"]
[EventRounds "5"]
[EventCountry "ENG"]
[SourceTitle "CBM 165 Extra"]
[Source "ChessBase"]
[SourceDate "2015.04.21"]
[SourceVersion "1"]
[SourceVersionDate "2015.04.21"]
[SourceQuality "1"]

1. d4 Nf6 2. Bg5 e6 3. c3 d5 4. Nd2 c5 5. e3 Qb6 6. Qb3 Nc6 7. Ngf3 Bd6 8. dxc5 Qxc5 9. Bd3 Ng4 10. h3 Nge5 11. Nxe5 Nxe5 12. Bb5+ Bd7 13. Bxd7+ Nxd7 14. 0-0 Qc6 15. c4 Nc5 16. Qc2 f6 17. cxd5 Qxd5 18. Nc4 Be7 19. Bf4 Qd3 20. Qc1 e5 21. Rd1 Qf5 22. Bh2 Rc8 23. f3 b5 24. e4 Qe6 25. Ne3 Nb3 26. axb3 Rxc1 27. Raxc1 Kf7 28. Nd5 Rc8 29. b4 Rxc1 30. Rxc1 Bd8 31. Kh1 Bb6 32. Bg1 Bxg1 33. Kxg1 Kg6 34. Rc7 h5 35. Kh2 Kh7 36. Rxa7 f5 37. Re7 Qd6 38. Rb7 fxe4 39. fxe4 Qc6 40. Re7 Qg6 41. h4 Kg8 42. Nc3 Qf6 43. Rb7 Qf4+ 44. Kh1 Qc1+ 45. Kh2 Qxb2 46. Nd5 Qf2 47. Ne7+ Kh8 48. Nf5 Qf4+ 49. g3 Qxe4 50. Rb8+ Kh7 51. Rf8 Qxb4 0-1

[Event "BCF-chT1a 1415 (4NCL)"]
[Site "England"]
[Date "2015.01.10"]
[Round "3.142"]
[White "Merry, Alan B"]
[Black "Webb, Matthew"]
[Result "0-1"]
[WhiteElo "2349"]
[BlackElo "2124"]
[PlyCount "74"]
[EventDate "2014.11.15"]
[EventType "team-swiss"]
[EventRounds "11"]
[EventCountry "ENG"]
[SourceTitle "EXT 2016"]
[Source "ChessBase"]
[SourceDate "2015.10.08"]
[SourceVersion "1"]
[SourceVersionDate "2015.10.08"]
[SourceQuality "1"]
[WhiteTeam "The ADS"]
[BlackTeam "White Rose"]
[WhiteTeamCountry "ENG"]
[BlackTeamCountry "ENG"]

1. Nf3 c5 2. g3 d5 3. Bg2 Nc6 4. d4 Nf6 5. 0-0 e6 6. c4 Be7 7. cxd5 exd5 8. dxc5 Bxc5 9. Nc3 0-0 10. a3 Ne4 11. Qxd5 Nxc3 12. Qxc5 Nxe2+ 13. Kh1 Nxc1 14. Raxc1 Qf6 15. b4 Bg4 16. Ng5 Rad8 17. Ne4 Qg6 18. f3 Bf5 19. b5 Nd4 20. Qxa7 Nxf3 21. Nc3 Nd2 22. Rf4 Be6 23. Qxb7 Qd3 24. Qe7 Rc8 25. Bc6 Qe3 26. Qb4 Rfd8 27. Rg1 Rd3 28. Ne4 h6 29. Qc5 Nxe4 30. Qxe3 Rxe3 31. Ra1 Ng5 32. Rd4 Re2 33. h4 Rxc6 34. hxg5 Rcc2 35. b6 Rh2+ 36. Kg1 Rcg2+ 37. Kf1 Bh3 0-1

[Event "London Classic op 6th"]
[Site "London"]
[Date "2014.12.13"]
[Round "6"]
[White "Vakhidov, Jahongir"]
[Black "Webb, Matthew"]
[Result "1-0"]
[WhiteElo "2502"]
[BlackElo "2141"]
[PlyCount "75"]
[EventDate "2014.12.08"]
[EventType "swiss"]
[EventRounds "9"]
[EventCountry "ENG"]
[SourceTitle "CBM 163 Extra"]
[Source "ChessBase"]
[SourceDate "2014.12.23"]
[SourceVersion "1"]
[SourceVersionDate "2014.12.23"]
[SourceQuality "1"]

1. d4 Nf6 2. c4 g6 3. g3 d5 4. cxd5 Qxd5 5. Nf3 Bg7 6. Bg2 0-0 7. Nc3 Qa5 8. 0-0 c6 9. e4 Be6 10. h3 Rd8 11. Bd2 Qh5 12. e5 Bxh3 13. Bxh3 Qxh3 14. exf6 Bxf6 15. Qe2 Na6 16. Rad1 Nc7 17. Rfe1 Ne6 18. Be3 Nc7 19. Ng5 Qf5 20. Qf3 Qxf3 21. Nxf3 e6 22. Ne4 Be7 23. Nc5 b6 24. Nd3 Nd5 25. Rc1 Rac8 26. Re2 Rc7 27. Rec2 Rdc8 28. Bd2 f6 29. Nf4 Kf7 30. Nxd5 exd5 31. Bf4 c5 32. Bxc7 Rxc7 33. dxc5 bxc5 34. Rd1 Rd7 35. b4 cxb4 36. Rcd2 Ke6 37. Nd4+ Kf7 38. Nc6 1-0

[Event "London Classic op 6th"]
[Site "London"]
[Date "2014.12.12"]
[Round "5"]
[White "Webb, Matthew"]
[Black "Zhou, Yang Fan"]
[Result "1-0"]
[WhiteElo "2141"]
[BlackElo "2477"]
[PlyCount "169"]
[EventDate "2014.12.08"]
[EventType "swiss"]
[EventRounds "9"]
[EventCountry "ENG"]
[SourceTitle "CBM 163 Extra"]
[Source "ChessBase"]
[SourceDate "2014.12.23"]
[SourceVersion "1"]
[SourceVersionDate "2014.12.23"]
[SourceQuality "1"]

1. e4 c5 2. Nf3 d6 3. d4 cxd4 4. Nxd4 Nf6 5. Nc3 g6 6. f4 Nc6 7. Be3 Bg7 8. Be2 0-0 9. Qd2 Bd7 10. 0-0 Rc8 11. Rac1 a6 12. a3 Qc7 13. Nxc6 Bxc6 14. Bf3 Rfe8 15. Nd5 Bxd5 16. exd5 b5 17. b3 Qc3 18. Qxc3 Rxc3 19. Bd2 Rc7 20. Ba5 Rb7 21. Rfe1 Nd7 22. Re2 Kf8 23. Rce1 Bd4+ 24. Kf1 Bc5 25. Ra1 Rc8 26. Be1 Bd4 27. Ra2 Nb6 28. g4 Ra7 29. Re4 Bc3 30. Bf2 Rb7 31. Re2 a5 32. Kg2 Nd7 33. g5 Ra8 34. Bg4 Rc7 35. h4 Rb8 36. h5 f5 37. Bf3 Nc5 38. h6 Ke8 39. Kf1 Kd7 40. Be1 Na6 41. Re3 Bxe1 42. Kxe1 Rc5 43. c3 Nc7 44. Rae2 Re8 45. Rd2 a4 46. bxa4 bxa4 47. Rd4 Ra8 48. c4 Na6 49. Bd1 Ra5 50. Rd2 Nc5 51. Rde2 Re8 52. Rb2 Raa8 53. Rb4 Reb8 54. Bc2 Rxb4 55. axb4 a3 56. Bb1 Rb8 57. b5 a2 58. Bxa2 Ra8 59. Re2 Nd3+ 60. Kd1 Nxf4 61. Rb2 Kc7 62. Kd2 Kb6 63. Ke3 Nh3 64. Kd4 Nxg5 65. Re2 Nf3+ 66. Kc3 Ne5 67. Kb4 Nd3+ 68. Kc3 Nc1 69. Rxe7 Nxa2+ 70. Kd4 Nc1 71. Rd7 Nb3+ 72. Kc3 Nc5 73. Rxd6+ Kb7 74. Kd4 Rc8 75. Rf6 Nb3+ 76. Kc3 Na5 77. c5 Rxc5+ 78. Kb4 Rxd5 79. Kxa5 Rd7 80. Rf8 Kc7 81. Ka6 g5 82. b6+ Kc6 83. Rf6+ Kd5 84. Rxf5+ Ke6 85. Rxg5 1-0

[Event "London Classic op 6th"]
[Site "London"]
[Date "2014.12.08"]
[Round "1"]
[White "Haddock, Paul"]
[Black "Webb, Matthew"]
[Result "0-1"]
[WhiteElo "1648"]
[BlackElo "2141"]
[PlyCount "82"]
[EventDate "2014.12.08"]
[EventType "swiss"]
[EventRounds "9"]
[EventCountry "ENG"]
[SourceTitle "CBM 163 Extra"]
[Source "ChessBase"]
[SourceDate "2014.12.23"]
[SourceVersion "1"]
[SourceVersionDate "2014.12.23"]
[SourceQuality "1"]

1. d4 Nf6 2. Nf3 g6 3. Bg5 Bg7 4. Bxf6 Bxf6 5. e3 c5 6. c3 0-0 7. Nbd2 cxd4 8. exd4 d5 9. Bd3 Nc6 10. Qc2 Qb6 11. 0-0 Bg4 12. Rae1 Rac8 13. Qb1 Rfe8 14. h3 Bd7 15. Ne5 Nxe5 16. dxe5 Bg7 17. Nf3 e6 18. Nh2 d4 19. c4 f6 20. exf6 Bxf6 21. Bxg6 hxg6 22. Qxg6+ Bg7 23. Ng4 Rf8 24. Nh6+ Kh8 25. Nf7+ Rxf7 26. Qxf7 Qc6 27. b3 Rf8 28. Qe7 Kg8 29. Qg5 Rf5 30. Qd8+ Kf7 31. Qh4 e5 32. Re4 Qf6 33. Qh7 Rg5 34. g4 Bf5 35. f4 Bxh7 36. fxg5 Qxf1+ 37. Kxf1 Bxe4 38. Kf2 Bf8 39. h4 d3 40. Ke3 Bb4 41. h5 d2 0-1

[Event "EU-Cup 30th"]
[Site "Bilbao"]
[Date "2014.09.16"]
[Round "3.3"]
[White "Webb, Matthew"]
[Black "Najer, Evgeniy"]
[Result "0-1"]
[WhiteElo "2098"]
[BlackElo "2646"]
[PlyCount "78"]
[EventDate "2014.09.14"]
[EventType "team-swiss"]
[EventRounds "7"]
[EventCountry "ESP"]
[SourceTitle "CBM 163"]
[Source "ChessBase"]
[SourceDate "2014.11.11"]
[SourceVersion "1"]
[SourceVersionDate "2014.11.11"]
[SourceQuality "1"]
[WhiteTeam "White Rose"]
[BlackTeam "SHSM-64"]
[WhiteTeamCountry "ENG"]
[BlackTeamCountry "RUS"]

1. e4 c5 2. Nf3 d6 3. d4 cxd4 4. Nxd4 Nf6 5. Nc3 Nc6 6. Bg5 e6 7. Be2 Be7 8. 0-0 0-0 9. a3 a6 10. Qd3 h6 11. Nxc6 bxc6 12. Bd2 d5 13. Qg3 Kh8 14. Rad1 a5 15. Be3 Ba6 16. Bxa6 Rxa6 17. e5 Nd7 18. f4 f5 19. exf6 Bxf6 20. Na4 Qe7 21. c4 Re8 22. Qg6 Raa8 23. g4 e5 24. g5 exf4 25. Bc5 Nxc5 26. gxf6 Qe3+ 27. Kh1 Qe4+ 28. Qxe4 Nxe4 29. fxg7+ Kxg7 30. cxd5 cxd5 31. Rxf4 Rac8 32. Rxd5 Rc1+ 33. Kg2 Rc2+ 34. Kg1 Ng5 35. Rd7+ Kg8 36. Rf1 Ree2 37. Rd8+ Kg7 38. Rd7+ Kg6 39. Rd6+ Kh5 0-1

[Event "GBR-ch Major 98th"]
[Site "Sheffield"]
[Date "2011.07.30"]
[Round "6"]
[White "Webb, Matthew"]
[Black "Onley, David E"]
[Result "1-0"]
[WhiteElo "2065"]
[BlackElo "1968"]
[PlyCount "77"]
[EventDate "2011.07.25"]
[EventType "swiss"]
[EventRounds "11"]
[EventCountry "ENG"]
[SourceTitle "EXT 2012"]
[Source "ChessBase"]
[SourceDate "2011.11.24"]
[SourceVersion "1"]
[SourceVersionDate "2011.11.24"]
[SourceQuality "1"]

1. e4 c5 2. Nc3 Nc6 3. f4 g6 4. Nf3 Bg7 5. Bb5 Nd4 6. 0-0 a6 7. Bd3 d6 8. h3 Nf6 9. Nxd4 cxd4 10. Ne2 e5 11. c3 0-0 12. cxd4 exd4 13. b3 Re8 14. Ng3 h5 15. Qf3 h4 16. Nh1 Qb6 17. Bb2 Nxe4 18. Bxe4 d3+ 19. Kh2 Bxb2 20. Rae1 Qb4 21. Nf2 Qxd2 22. Nxd3 Bf6 23. Re2 Qa5 24. Rfe1 Bf5 25. Bxf5 Rxe2 26. Rxe2 Qxf5 27. Qxb7 Rc8 28. Qe4 Qxe4 29. Rxe4 a5 30. Ra4 Bc3 31. Kg1 Re8 32. Kf2 d5 33. Kf3 f6 34. Nf2 Re1 35. Nd3 Rd1 36. Nf2 Re1 37. Nd3 d4 38. Nxe1 Bxe1 39. Rxd4 1-0

[Event "Sunningdale e2e4 op"]
[Site "Ascot"]
[Date "2011.05.30"]
[Round "7"]
[White "Webb, Matthew"]
[Black "Pleasants, Allan J"]
[Result "0-1"]
[WhiteElo "2088"]
[BlackElo "2066"]
[PlyCount "64"]
[EventDate "2011.05.27"]
[EventType "swiss"]
[EventRounds "7"]
[EventCountry "ENG"]
[SourceTitle "CBM 142 Extra"]
[Source "ChessBase"]
[SourceDate "2011.06.27"]
[SourceVersion "1"]
[SourceVersionDate "2011.06.27"]
[SourceQuality "1"]

1. e4 g6 2. d4 Bg7 3. Nc3 d6 4. f4 e6 5. Nf3 Ne7 6. Bd3 a6 7. 0-0 Nbc6 8. Be3 f5 9. e5 b5 10. a4 b4 11. Na2 Nd5 12. Qe2 Bh6 13. Ne1 Bb7 14. c4 Nxe3 15. Qxe3 dxe5 16. dxe5 Qe7 17. Nf3 Rd8 18. Rad1 0-0 19. Nc1 Na5 20. Be2 Be4 21. Rxd8 Rxd8 22. Nd2 Bc2 23. Bf3 g5 24. g3 g4 25. Bg2 Bxa4 26. Ne2 Qd7 27. Ra1 Bf8 28. Kf1 Qxd2 29. Qxd2 Rxd2 30. Rxa4 Rd1+ 31. Kf2 Bc5+ 32. Nd4 Nxc4 0-1

[Event "Fagernes Norsk op-A"]
[Site "Fagernes"]
[Date "2011.04.17"]
[Round "4"]
[White "Sjol, Henrik"]
[Black "Webb, Matthew"]
[Result "0-1"]
[WhiteElo "1848"]
[BlackElo "2062"]
[PlyCount "68"]
[EventDate "2011.04.17"]
[EventType "swiss"]
[EventRounds "9"]
[EventCountry "NOR"]
[SourceTitle "CBM 141 Extra"]
[Source "ChessBase"]
[SourceDate "2011.05.03"]
[SourceVersion "1"]
[SourceVersionDate "2011.05.03"]
[SourceQuality "1"]

1. d4 g6 2. Nf3 Bg7 3. c4 d6 4. Nc3 Nf6 5. g3 0-0 6. Bg2 Nbd7 7. 0-0 c5 8. b3 a6 9. Bb2 Rb8 10. e3 b5 11. cxb5 axb5 12. dxc5 Nxc5 13. Nd4 b4 14. Nd5 Bb7 15. Nxf6+ Bxf6 16. Bxb7 Rxb7 17. Nc6 Qd7 18. Bxf6 Qxc6 19. Bb2 Ne6 20. h4 Ra8 21. Qd2 Rb5 22. Rfc1 Qd5 23. Qe1 Nc5 24. Rd1 Qf3 25. Rd4 Ne4 26. Qf1 Rf5 27. Rxb4 Nxf2 28. Qg2 Qxg2+ 29. Kxg2 Nd3 30. Bc3 Nxb4 31. Bxb4 Rb5 32. Be1 Rxb3 33. a4 Rxe3 34. Kf2 Rb3 0-1

[Event "EU-ch 12th"]
[Site "Aix les Bains"]
[Date "2011.04.01"]
[Round "10"]
[White "Webb, Matthew"]
[Black "Joie, Sebastien"]
[Result "1/2-1/2"]
[WhiteElo "2062"]
[BlackElo "2231"]
[PlyCount "95"]
[EventDate "2011.03.22"]
[EventType "swiss"]
[EventRounds "11"]
[EventCountry "FRA"]
[SourceTitle "CBM 142 Extra"]
[Source "ChessBase"]
[SourceDate "2011.06.27"]
[SourceVersion "1"]
[SourceVersionDate "2011.06.27"]
[SourceQuality "1"]

1. e4 e5 2. d4 exd4 3. Qxd4 Nc6 4. Qe3 g6 5. Nc3 Bg7 6. Bd2 Nge7 7. 0-0-0 0-0 8. h4 d5 9. h5 d4 10. Qg3 Qd6 11. Qh4 dxc3 12. Bxc3 g5 13. Qxg5 Qh6 14. Qxh6 Bxh6+ 15. Kb1 Be6 16. Bd3 Rfb8 17. Ne2 b5 18. g4 Bg7 19. f4 Bxc3 20. Nxc3 Bc4 21. e5 Rd8 22. Nxb5 Rxd3 23. Rxd3 Bxb5 24. Rd7 Nb4 25. Rxe7 Nd5 26. c4 Nxe7 27. cxb5 Rd8 28. Rc1 Rd7 29. Rc4 c6 30. bxc6 Rc7 31. f5 Rxc6 32. Rd4 Rc8 33. f6 Nc6 34. Rc4 a6 35. b4 Na7 36. Rxc8+ Nxc8 37. a4 Nb6 38. b5 a5 39. Kc2 Nxa4 40. g5 Nb6 41. Kb3 Kf8 42. h6 Kg8 43. Ka3 Nc4+ 44. Ka4 Kf8 45. e6 Ke8 46. e7 Kd7 47. Kb3 Nb6 48. Ka3 1/2-1/2

[Event "EU-ch 12th"]
[Site "Aix les Bains"]
[Date "2011.03.24"]
[Round "3"]
[White "Philippe, Christophe"]
[Black "Webb, Matthew"]
[Result "1-0"]
[WhiteElo "2409"]
[BlackElo "2062"]
[PlyCount "37"]
[EventDate "2011.03.22"]
[EventType "swiss"]
[EventRounds "11"]
[EventCountry "FRA"]
[SourceTitle "CBM 142 Extra"]
[Source "ChessBase"]
[SourceDate "2011.06.27"]
[SourceVersion "1"]
[SourceVersionDate "2011.06.27"]
[SourceQuality "1"]

1. d4 g6 2. e4 Bg7 3. Nc3 d6 4. Be3 a6 5. Qd2 Nd7 6. Nf3 b5 7. Bd3 Bb7 8. 0-0 Ngf6 9. Bh6 Bxh6 10. Qxh6 b4 11. Nd5 Nxd5 12. exd5 Bxd5 13. Qg7 Rf8 14. Ng5 Nf6 15. Rfe1 Nh5 16. Nxh7 Kd7 17. Qxf8 Qxf8 18. Nxf8+ Rxf8 19. Bxa6 1-0

[Event "BCF-chT2 1011 (4NCL)"]
[Site "England"]
[Date "2011.02.20"]
[Round "6.35"]
[White "Webb, Matthew"]
[Black "Farkas, Daniel"]
[Result "0-1"]
[WhiteElo "2062"]
[BlackElo "2107"]
[PlyCount "124"]
[EventDate "2010.11.06"]
[EventType "team-swiss"]
[EventRounds "11"]
[EventCountry "ENG"]
[SourceTitle "EXT 2012"]
[Source "ChessBase"]
[SourceDate "2011.11.24"]
[SourceVersion "1"]
[SourceVersionDate "2011.11.24"]
[SourceQuality "1"]
[WhiteTeam "White Rose II"]
[BlackTeam "Anglian Avengers"]
[WhiteTeamCountry "ENG"]
[BlackTeamCountry "ENG"]

1. e4 c6 2. d4 d5 3. e5 c5 4. Nf3 Bg4 5. c4 e6 6. cxd5 exd5 7. dxc5 Bxc5 8. Bb5+ Nc6 9. Qa4 Bd7 10. Bg5 Nge7 11. 0-0 a6 12. Qc2 Qb6 13. Ba4 0-0 14. Rc1 Bb4 15. a3 Bf5 16. Qe2 Bc5 17. b4 Bd4 18. Nxd4 Qxd4 19. Nd2 Bg4 20. Nf3 Bxf3 21. gxf3 Ng6 22. Rd1 Qxe5 23. Qxe5 Ncxe5 24. Kg2 h6 25. Be3 Rfd8 26. Bb3 Nc4 27. Rd4 b5 28. Rad1 Ne7 29. Bf4 Rac8 30. Bc1 Rd6 31. a4 Rcd8 32. axb5 axb5 33. Bf4 R6d7 34. Bg3 Nc6 35. Rg4 Nxb4 36. Bh4 Re8 37. Bxc4 bxc4 38. Rxc4 dxc4 39. Rxd7 Rc8 40. Be7 Na2 41. Rd2 Nc1 42. Kf1 Nd3 43. Rc2 f6 44. Bd6 Kf7 45. Ke2 Ke6 46. Rxc4 Rxc4 47. Kxd3 Ra4 48. Bg3 f5 49. f4 Kd5 50. h4 h5 51. Ke2 Ke4 52. f3+ Kd4 53. Bf2+ Kc4 54. Be1 Ra2+ 55. Ke3 Rg2 56. Ba5 Rg1 57. Ke2 Ra1 58. Be1 Rxe1+ 59. Kxe1 Kd3 60. Kf2 Kd2 61. Kg2 Ke2 62. Kg3 Kf1 0-1

[Event "BCF-chT2 1011 (4NCL)"]
[Site "England"]
[Date "2011.01.15"]
[Round "3.44"]
[White "Webb, Matthew"]
[Black "Naylor, John"]
[Result "0-1"]
[WhiteElo "2062"]
[BlackElo "2162"]
[PlyCount "63"]
[EventDate "2010.11.06"]
[EventType "team-swiss"]
[EventRounds "11"]
[EventCountry "ENG"]
[SourceTitle "EXT 2012"]
[Source "ChessBase"]
[SourceDate "2011.11.24"]
[SourceVersion "1"]
[SourceVersionDate "2011.11.24"]
[SourceQuality "1"]
[WhiteTeam "White Rose II"]
[BlackTeam "Jutes of Kent"]
[WhiteTeamCountry "ENG"]
[BlackTeamCountry "ENG"]

1. e4 e5 2. d4 exd4 3. Qxd4 Nc6 4. Qe3 g6 5. Nc3 Bg7 6. Bd2 Nge7 7. 0-0-0 0-0 8. h4 d5 9. Qg3 d4 10. Bf4 dxc3 11. Rxd8 cxb2+ 12. Kb1 Rxd8 13. Bd3 Be6 14. a3 Rd4 15. Ne2 Ra4 16. Bb5 Rxe4 17. f3 Nb4 18. c3 Rxe2 19. Bxe2 Nbd5 20. Be5 Nxc3+ 21. Bxc3 Bxc3 22. Bd3 Nd5 23. h5 Bg7 24. hxg6 hxg6 25. Qh4 b5 26. Qh7+ Kf8 27. Qh8+ Bxh8 28. Rxh8+ Kg7 29. Rxa8 c5 30. Rxa7 c4 31. Be4 c3 32. Bxd5 0-1

[Event "BCF-chT2d 0910 (4NCL) Demotion pool"]
[Site "England"]
[Date "2010.05.03"]
[Round "11.5"]
[White "Webb, Matthew"]
[Black "Pedersen, Carsten"]
[Result "1/2-1/2"]
[WhiteElo "1999"]
[BlackElo "2157"]
[PlyCount "49"]
[EventDate "2009.10.24"]
[EventType "team-tourn"]
[EventRounds "4"]
[EventCountry "ENG"]
[SourceTitle "EXT 2010"]
[Source "ChessBase"]
[SourceDate "2010.11.25"]
[SourceVersion "1"]
[SourceVersionDate "2010.11.25"]
[SourceQuality "1"]
[WhiteTeam "White Rose II"]
[BlackTeam "Celtic Tigers"]
[WhiteTeamCountry "ENG"]
[BlackTeamCountry "ENG"]

1. e4 e6 2. a3 d5 3. e5 c5 4. b4 d4 5. bxc5 Nc6 6. f4 Nh6 7. Bd3 Bxc5 8. Qf3 Nf5 9. Ne2 a6 10. Be4 Qb6 11. g4 Nfe7 12. d3 Qa5+ 13. Nd2 Bb4 14. Qf2 Nd5 15. Bxd5 Qxd5 16. 0-0 Bxd2 17. Bxd2 b5 18. Qf3 Qxf3 19. Rxf3 Bb7 20. Rff1 0-0 21. a4 Rfd8 22. Rfb1 Rd5 23. axb5 axb5 24. Rxa8+ Bxa8 25. Ng3 1/2-1/2